Govt. of
Madhya Pradesh

स्‍वामी विवेकानंद का संवाद कौशल (Record no. 68840)

MARC details
000 -LEADER
fixed length control field 00387nam a22001097a 4500
082 ## - DEWEY DECIMAL CLASSIFICATION NUMBER
Classification number 100
100 ## - MAIN ENTRY--AUTHOR NAME
Personal name आर्य, अमरेन्‍द कुमार
245 ## - TITLE STATEMENT
Title स्‍वामी विवेकानंद का संवाद कौशल
260 ## - PUBLICATION, DISTRIBUTION, ETC. (IMPRINT)
Place of publication दिल्‍ली
Name of publisher अनिल प्रकाशन
Year of publication 2025
650 ## - SUBJECT ADDED ENTRY--TOPICAL TERM
Topical Term दर्शन
942 ## - ADDED ENTRY ELEMENTS (KOHA)
Koha item type Books
Holdings
Withdrawn status Lost status Damaged status Not for loan Home library Current library Date acquired Cost, normal purchase price Full call number Accession Number Price effective from Koha item type
        MACL MACL 24/03/2026 375.00 100 CRH039021 24/03/2026 Books